MARC-Details
| 000 -Satzkennung |
| Kontrollfeld mit fester Länge |
02038nam a22003853i 4500 |
| 001 - Kontrollnummer |
| Kontrollfeld |
EBC6896367 |
| 003 - Kontrollnummer Identifier |
| Kontrollfeld |
MiAaPQ |
| 005 - Datum und Zeit der letzten Transaktion |
| Kontrollfeld |
20240305091540.0 |
| 007 - Feld mit fester Länge zur physischen Beschreibung - Allgemeine Information |
| Kontrollfeld mit fester Länge |
cr cnu|||||||| |
| 008 - Feld mit fester Länge zur physischen Beschreibung - Allgemeine Angaben |
| Kontrollfeld mit fester Länge |
221130s2022 xx o ||||0 eng d |
| 020 ## - Internationale Standardbuchnummer |
| Internationale Standardbuchnummer |
9780252053306 |
| Nähere Angaben |
(electronic bk.) |
| 020 ## - Internationale Standardbuchnummer |
| Gelöschte/ungültige ISBN |
9780252044311 |
| 040 ## - Katalogisierungsquelle |
| Original-Katalogisierungsstelle |
MiAaPQ |
| Katalogisierungssprache |
eng |
| Übertragungsstelle |
MiAaPQ |
| 100 1# - Haupteintragung - Personenname |
| Personenname |
Butler, Lynn Edwards. |
| Koha-Normdatenidentnummer |
18508 |
| Funktionsbezeichnungscode |
aut |
| Funktionsbezeichnung |
author |
| 245 10 - Titel |
| Titel |
Johann Scheibe : |
| Zusatz zum Titel |
Organ Builder in Leipzig at the Time of Bach. |
| Verfasserangabe etc. |
Lynn Edwards Butler |
| 250 ## - Ausgabebezeichnung |
| Ausgabebezeichnung |
1st ed. |
| 264 #1 - Produktion, Veröffentlichung, Distribution, Herstellung und Urheberrechtsvermerk |
| Herstellungs-, Veröffentlichungs- Vertriebs-, Erzeugungsort |
Champaign : |
| Produzent, Herausgeber, Distributor, Hersteller |
University of Illinois Press, |
| Datum der Herstellung, der Veröffentlichung, des Vertriebs oder des Urheberschutzvermerks |
2022. |
| 264 #4 - Produktion, Veröffentlichung, Distribution, Herstellung und Urheberrechtsvermerk |
| Datum der Herstellung, der Veröffentlichung, des Vertriebs oder des Urheberschutzvermerks |
©2022. |
| 300 ## - Physische Beschreibung |
| Umfang |
1 online resource (293 pages) |
| 336 ## - Inhaltstyp |
| Inhaltstypterm |
Text |
| Inhaltstypcode |
txt |
| Quelle |
rdacontent |
| 337 ## - Medientyp |
| Bezeichnung des Medientyps |
Computermedien |
| Medientypcode |
c |
| Quelle |
rdamedia |
| 338 ## - Datenträgertyp |
| Datenträgertypbezeichnung |
Online Resource |
| Datenträgertypcode |
cr |
| Quelle |
rdacarrier |
| 500 ## - Allgemeine Fußnote |
| Allgemeine Fußnote |
E-Book-ProQuest / Fernzugriff nach Registrierung möglich |
| 505 0# - Fußnote zu strukturierten Inhaltsangaben |
| Fußnote zu strukturierten Inhaltsangaben |
Cover -- Title -- Copyright -- Contents -- Preface -- Events in the Life of Johann Scheibe -- Abbreviations -- 1. Bach's 1717 Visit to Leipzig -- 2. The Life and Work of Johann Scheibe -- 3. The Organ for Zschortau -- 4. Building the Organ for St. Paul's -- 5. Bach's Examination of the St. Paul's Organ -- 6. Disposition and Tonal Character of the St. Paul's Organ -- 7. Construction Details of the St. Paul's Organ -- 8. Renovations and Maintenance -- 9. An Innovative Organ for St. John's -- 10. Small Projects and Proposals -- 11. Scheibe and Bach in Leipzig -- Directory of Appendixes on the Companion Website -- Notes -- Bibliography -- Index -- Back Cover. |
| 600 1# - Nebeneintragung unter einem Schlagwort - Personenname |
| Personenname |
Scheibe, Johann |
| Koha-Normdatenidentnummer |
18620 |
| 650 ## - Nebeneintragung unter einem Schlagwort - Sachschlagwort |
| Sachschlagwort oder geografischer Name als Eintragungselement |
Orgelbauer |
| Koha-Normdatenidentnummer |
18621 |
| 650 ## - Nebeneintragung unter einem Schlagwort - Sachschlagwort |
| Sachschlagwort oder geografischer Name als Eintragungselement |
Orgel |
| Koha-Normdatenidentnummer |
18622 |
| 651 #4 - Nebeneintragung unter einem Schlagwort - Geografischer Name |
| Geografischer Name |
Leipzig |
| Koha-Normdatenidentnummer |
390 |
| 655 #4 - Indexierungsterm - Genre/Form |
| Genre/Form oder fokussierter Term |
|
| 655 ## - Indexierungsterm - Genre/Form |
| Genre/Form oder fokussierter Term |
Fernzugriff |
| Koha-Normdatenidentnummer |
230 |
| 776 08 - Andere physische Form |
| Verweisungsphrase |
Print version: |
| Haupteintragung |
Butler, Lynn Edwards |
| Titel |
Johann Scheibe |
| Ort, Verlag und Erscheinungsjahr |
Champaign : University of Illinois Press,c2022 |
| Internationale Standardbuchnummer |
9780252044311 |
| 856 40 - Elektronische Adresse und Zugriff |
| URL |
<a href="https://ebookcentral.proquest.com/lib/maxweberstiftung-ebooks/detail.action?docID=6896367">https://ebookcentral.proquest.com/lib/maxweberstiftung-ebooks/detail.action?docID=6896367</a> |
| OPAC-Notiz |
Volltext |
| 942 ## - Zusätzliche Felder (Koha) |
| Koha-Medientyp |
E-Books |
| Klassifikation oder Aufstellungssystematik |
Andere/Generische Klassifikation |